00676 2200253 4500001002100000005001500021035002000036007000300056008004100059020002200100082000800122084001500130100002100145245005900166260004200225300002500267650003200292700002100324520003000345990001200375990001200387990001100399990001200410INLIS00000000000195720180517094714 a0010-0518000027ta180517 g 0 ind  a978-602-249-769-1 a297 a297 PAR s0 aPARESMA, Elvigro1 aSyabab /cParesma Elvigro; penyunting, Dewi Widyastuti aJakarta :bBhuana Ilmu Populer,c2014 aix, 290 hlm ;c21 cm aISLAM SEBAGAI PEDOMAN HIDUP0 aDEWI, Widyastuti abibliografi: hlm. 287-290 a16644 a a16644 b a16644b a16644 a